| 000 | 00759cam a2200253 4500500 | ||
|---|---|---|---|
| 005 | 20260329003815.0 | ||
| 041 | _afre | ||
| 042 | _adc | ||
| 100 | 1 | 0 |
_aLacroix, Alexandre _eauthor |
| 245 | 0 | 0 | _aIsabelle Sorente, Philippe Corcuff : la passionnée et l’engagé |
| 260 | _c2017. | ||
| 500 | _a59 | ||
| 690 | _aAccélération | ||
| 690 | _aAnarchisme | ||
| 690 | _aDandysme | ||
| 690 | _aÉcriture | ||
| 690 | _aIsabelle Sorente | ||
| 690 | _aMichel Foucault | ||
| 690 | _aPhilippe Corcuff | ||
| 690 | _aPolitique | ||
| 690 | _aStoïcisme | ||
| 786 | 0 | _nPhilosophie magazine | 107 | 3 | 2017-03-01 | p. 35-36 | 1951-1787 | |
| 856 | 4 | 1 | _uhttps://shs.cairn.info/magazine-philosophie-magazine-2017-3-page-35?lang=fr&redirect-ssocas=7080 |
| 999 |
_c1827861 _d1827861 |
||